000 00429nam a2200181Ia 4500
001 18022
005 20260306171600.0
008 260306s9999||||xx |||||||||||||| ||und||
041 _aESP
082 _a658.314
_bN82
100 _aNoriega M., Teresa
_eAUT
245 0 _aTécnicas para el estudio del trabajo
260 _c2001
300 _a178 páginas :
_c
650 _aGEN
654 _aCAN
942 _cLIB
_dJUS
_fJUS
_2ddc
_n
999 _c18022
_d18022